000 01200cam a22003377a 4500
003 CHAP
005 20220329135801.0
008 971013s1966 mx a r 00010 d
010 _a42077
011 _a43049
035 _a47179
040 _cCHAP
090 _aFolleto 5030y
110 1 _aE.U.A. Department of Agriculture
_934876
245 1 3 _aEl encalado de los suelos ; auxiliar para el mejor cultivo
_c/por Caolin W. Whittaker, M.S. Anderson y R. F. Reitemeier
260 _aMéxico, D. F. :
_bCentro Regional de Ayuda Técnica,
_c1966
300 _a35 p. :
_bilus., gráfs., cuadros,
490 0 _aFarmer's bulletin
_v; 2124
590 _aBATCH-UPD
_b10
_c20130110
_lUCH01
_h1620
590 _aCONVERSION
_b10
_c20130109
_lUCH01
_h1323
650 1 4 _aCalcio
_xEfecto en plantas.
_917337
650 1 4 _aCalcio
_xEfecto en suelos.
_917338
700 0 _aAnderson, M. S.
_95598
700 1 _aReitemeier, R.F.
_995802
700 1 _aWhittaker, Colin W.
_9121774
830 0 _aFarmer's bulletin
_v; 2124
_939770
901 _aBK
942 _cFOLL
949 _aFolleto 5030y
_bBC
_cFOLL
_d-107284
_eTS1
_i47179
_mD
_si
949 _aFolleto 5030y
_bBC
_cFOLL
_d33724002255678
_eTS2
_fc.2
_gDonaciØn
_i47179
_sb
999 _c42077
_d42077